000
00262nam a2200085Ia 4500
008
220120s9999||||xx |||||||||||||| ||und||
100
_a
Rahul.R. Chandran
_9
12195
245
0
_a
Telephone based system ciontrol
260
_a
Coorg Institute of Technology
_b
Ponnampet
_c
2009
999
_c
137781
_d
137781